| 000 | 00653cam a2200229 4500500 | ||
|---|---|---|---|
| 005 | 20260329004505.0 | ||
| 041 | _afre | ||
| 042 | _adc | ||
| 100 | 1 | 0 |
_aLegros, Martin _eauthor |
| 245 | 0 | 0 | _aKévin, les paillettes et la vraie vie |
| 260 | _c2020. | ||
| 500 | _a27 | ||
| 690 | _aFrançois Jullien | ||
| 690 | _aHumour | ||
| 690 | _aInès Reg | ||
| 690 | _aKévin | ||
| 690 | _aRéseaux sociaux | ||
| 690 | _aStand-Up | ||
| 690 | _aVidéo | ||
| 786 | 0 | _nPhilosophie magazine | 137 | 3 | 2020-03-01 | p. 12-12 | 1951-1787 | |
| 856 | 4 | 1 | _uhttps://shs.cairn.info/magazine-philosophie-magazine-2020-3-page-12?lang=fr&redirect-ssocas=7080 |
| 999 |
_c1834429 _d1834429 |
||